Word Ladder: Edith Wharton Novel Quiz Stats

 Plays Quiz Updated Jun 25, 2016

Challenge
Share
Tweet
Embed
Score 0/10 Timer 02:00
1 Play Today
Hints Five Letter Words % Correct
Stallion or mare, e.g.HORSE
99.7%
Telegrapher's code of dots and dashesMORSE
99.1%
1905 Edith Wharton novel: 'The ___ of [LAST RUNG]'HOUSE
66.3%
'From that day ___': from now onFORTH
64.1%
Carried, as in like a tick-___ diseaseBORNE
64%
Old French for a small mountainMORNE
62%
Loud, in musicFORTE
59.8%
Scottish inletFIRTH
51.6%
First wife of Genghis KhanBÖRTE
46.2%
1905 Edith Wharton novel: 'The [FIRST RUNG] of ___'MIRTH
42.4%

Today's Daily Dose

Missing Word
Entertainment 'M'

Word Ladder
North Carolina

On This Day
January 16th II

You're not logged in!

Compare scores with friends on all Sporcle quizzes.
OR
Log In

You Might Also Like...

Show Comments

Extras

Top Quizzes Today


Score Distribution

Your Account Isn't Verified!

In order to create a playlist on Sporcle, you need to verify the email address you used during registration. Go to your Sporcle Settings to finish the process.

Report this User

Report this user for behavior that violates our Community Guidelines.

Details: